000
00281nam a2200133Ia 4500
008
090123s9999 xx 000 0 und d
082
_b
40925
245
_a
CINDERELLA
250
_a
0
260
_b
ARORA BOOK CO.
630
_a
CINDERELLA
730
_a
CINDERELLA
942
_c
BOOK
999
_c
78998
_d
78998